Catálogo
 En Linea

La edad media : (Registro nro. 22697)

Detalles MARC
000 -CABECERA
campo de control de longitud fija 01015nam a2200217 u 4500
001 - NÚMERO DE CONTROL
campo de control 000023200
005 - FECHA Y HORA DE LA ÚLTIMA TRANSACCIÓN
campo de control 20200930022044.0
008 - DATOS DE LONGITUD FIJA--INFORMACIÓN GENERAL
campo de control de longitud fija 101130s1967 dr a r 000 0 spa d
040 ## - FUENTE DE LA CATALOGACIÓN
Centro catalogador/agencia de origen DO-SdBNP
Lengua de catalogación spa
Centro/agencia transcriptor BNPHU
082 ## - NÚMERO DE LA CLASIFICACIÓN DECIMAL DEWEY
Número de clasificación XXX
Número de documento/Ítem P461m, 1967
049 ## - FONDOS LOCALES (OCLC)
Fondos de biblioteca BNGR
100 1# - ENTRADA PRINCIPAL--NOMBRE DE PERSONA
Nombre de persona Perroy, Edouard
9 (RLIN) 47757
240 13 - TÍTULO UNIFORME
Título uniforme Le moyen âge. L´Orient et le naissance de la Civilisation Occidentale.
Lenguaje de la obra Español.
245 13 - MENCIÓN DE TÍTULO
Título La edad media :
Resto del título la expansión del oriente y el naacimiento de la civilización occidental /
Mención de responsabilidad, etc. Edouard Perroy ; con la colaboración de Jeannine Auboyer, Claude Cahen, Georges Duby y Michel Mollat ; traducción española de Eduardo Ripoll Perelló.
250 ## - MENCIÓN DE EDICIÓN
Mención de edición 2a ed.
260 ## - PUBLICACIÓN, DISTRIBUCIÓN, ETC.
Lugar de publicación, distribución, etc. Barcelona :
Nombre del editor, distribuidor, etc. Destino,
Fecha de publicación, distribución, etc. 1967.
300 ## - DESCRIPCIÓN FÍSICA
Extensión v.3 :
Otras características físicas il. ;
Dimensiones 23 cm.
500 ## - NOTA GENERAL
Nota general La biblioteca posee el volumen 3.
504 ## - NOTA DE BIBLIOGRAFÍA, ETC.
Nota de bibliografía, etc. Incluye referencias bibliográficas y notas al pie de las páginas.
534 ## - NOTA SOBRE LA VERSIÓN ORIGINAL
Encabezamiento principal del original Título de la edición original:
Mención de título del original Le moyen âge. L´Orient et le naissance de la Civilisation Occidentale.
Existencias
Estado de retiro Estado de pérdida Restricciones de uso No para préstamo Código de colección Localización permanente Ubicación/localización actual Ubicación en estantería Fecha de adquisición Número de inventario Total de préstamos Signatura topográfica completa Código de barras Fecha visto por última vez Precio válido a partir de Tipo de ítem Koha
    Préstamo interno   Patrimonio Dominicano General General En catalogación 30.11.2010 LF1   XXX P461m, 1967 23200-10 25.06.2020 25.06.2020 Libro y Folleto Colección Patrimonio Dominicano

Con tecnología Koha